000 00548nam a2200217Ia 4500
003 OSt
005 20220928151928.0
006 a|||||r|||| 00| 0
007 ta
008 220927b |||||||| |||| 00| 0 hin d
024 _a132180
037 _cTextual
040 _aSDCL
_cSDCL
_bhin
041 _2hin
_ahin
082 _aQ1:24:g, L6
100 _aDhavan Krishan Kumar
_9518504
245 0 _aUpanishadon me kavyatattav.
260 _c1976
942 _hQ1:24:g, L6
_cTEXL
_2CC
999 _c853419
_d853419